[Event "European Youth Chess Championship B14"]
[Site "Prague, Top Hotel Prague"]
[Date "2012.08.19"]
[Round "3.14"]
[White "Tomczak, Mikolaj"]
[Black "Tarasov, Alexandr"]
[Result "1-0"]
[WhiteElo "1901"]
[BlackElo "2124"]
[PlyCount "93"]
[EventDate "2012.08.17"]

1. d4 Nf6 2. Nf3 c5 3. c4 cxd4 4. Nxd4 d6 5. Nc3 e6 6. e4 Be7 7. Be2 O-O 8. O-O
a6 9. Be3 Nbd7 10. Re1 Qc7 11. f3 b6 12. Qd2 Bb7 13. Rad1 Rac8 14. b3 Rfe8 15.
Bd3 Qb8 16. Bb1 Bd8 17. Qe2 Bc7 18. f4 Qa8 19. Bf2 e5 20. fxe5 Nxe5 21. Nd5
Bxd5 22. exd5 b5 23. Qf1 bxc4 24. bxc4 Nfg4 25. Nb3 Rb8 26. Kh1 Bb6 27. Bxb6
Rxb6 28. Qf4 Qa7 29. h3 Nf6 30. Rc1 Rb4 31. Qd2 Reb8 32. c5 Nc4 33. Qe2 Na3 34.
Bf5 dxc5 35. Nxc5 Nb5 36. Ne4 Nxe4 37. Bxe4 Nd6 38. Bf3 h6 39. Qe5 Nb5 40. Rcd1
Nd4 41. Bg4 Rd8 42. a3 Ra4 43. Re4 f5 44. Bxf5 Nxf5 45. Rxa4 Ne3 46. Re1 Qd7
47. Qe6+ 1-0

[Event "European Youth Chess Championship B14"]
[Site "Prague, Top Hotel Prague"]
[Date "2012.08.19"]
[Round "3.15"]
[White "Kudelya, Igor"]
[Black "Miknevicius, Laurynas"]
[Result "1/2-1/2"]
[WhiteElo "2120"]
[BlackElo "1830"]
[PlyCount "136"]
[EventDate "2012.08.17"]

1. e4 c5 2. Nf3 Nc6 3. d4 cxd4 4. Nxd4 g6 5. c4 Bg7 6. Nc2 Nf6 7. Nc3 O-O 8.
Be2 d6 9. O-O a5 10. Bd2 Bd7 11. Rc1 Rc8 12. Kh1 Ne5 13. b3 Bc6 14. f4 Ned7 15.
Bf3 Nc5 16. Qe2 Nfd7 17. Na3 Qb6 18. Nab5 Rfe8 19. Be3 Qa6 20. Rfd1 b6 21. Nd4
Ra8 22. Qc2 Bh6 23. Re1 Ne6 24. Nxe6 fxe6 25. Bg4 Nf8 26. Qf2 Rab8 27. Qh4 Bg7
28. f5 exf5 29. exf5 Qb7 30. Re2 gxf5 31. Bxf5 e6 32. Bb1 d5 33. Rf2 Re7 34.
Nb5 dxc4 35. bxc4 Qd7 36. Rcf1 Ng6 37. Bxg6 hxg6 38. Bg5 Ree8 39. Rf7 Rf8 40.
Rxf8+ Rxf8 41. Rxf8+ Bxf8 42. Qg4 Qf7 43. h4 Bc5 44. Kh2 Kh7 45. Bf4 Be4 46.
Nd6 Bxd6 47. Bxd6 Qf5 48. Qxf5 exf5 49. Bc7 Bd3 50. c5 bxc5 51. Bxa5 Kg7 52.
Kg3 Bb5 53. Bb6 c4 54. Kf4 Kf6 55. Bd4+ Ke6 56. Bc3 Bd7 57. g3 Bc6 58. Bg7 Bd7
59. Ke3 Kd5 60. a3 Bc6 61. Kd2 Ba4 62. Kc3 Kc5 63. Bf8+ Kb5 64. Kd4 Bd1 65. Bb4
Bg4 66. Kd5 Bf3+ 67. Kd4 Bd1 68. Bd2 Bg4 1/2-1/2

[Event "European Youth Chess Championship B14"]
[Site "Prague, Top Hotel Prague"]
[Date "2012.08.19"]
[Round "3.16"]
[White "Blahynka, Martin"]
[Black "Nikolovski, Nikola"]
[Result "1/2-1/2"]
[WhiteElo "2145"]
[BlackElo "1917"]
[PlyCount "84"]
[EventDate "2012.08.17"]

1. e4 c5 2. Nf3 d6 3. d4 cxd4 4. Nxd4 Nf6 5. Nc3 Nc6 6. Bc4 Bd7 7. Bb3 g6 8. f3
Nxd4 9. Qxd4 Bg7 10. Be3 O-O 11. Qd2 Qa5 12. O-O-O Rfc8 13. Kb1 b5 14. h4 Qd8
15. h5 a5 16. hxg6 hxg6 17. Bh6 Qf8 18. Nd5 Nxd5 19. Bxd5 Bc6 20. Qg5 a4 21.
Bxc6 Rxc6 22. Bxg7 Qxg7 23. Qxe7 a3 24. e5 Qxe5 25. Qxe5 dxe5 26. Rd5 Rac8 27.
Rc1 axb2 28. Kxb2 Rc5 29. Rxc5 Rxc5 30. Rd1 Kg7 31. Kb3 f5 32. Rd2 e4 33. Kb4
e3 34. Re2 Re5 35. g3 g5 36. f4 gxf4 37. gxf4 Re4+ 38. Kxb5 Kg6 39. c4 Kh5 40.
c5 Kg4 41. c6 Kxf4 42. c7 Re8 1/2-1/2

[Event "European Youth Chess Championship B14"]
[Site "Prague, Top Hotel Prague"]
[Date "2012.08.19"]
[Round "3.17"]
[White "Tokranovs, Dmitrijs"]
[Black "Dolana, Andrei-Theodor"]
[Result "0-1"]
[WhiteElo "2060"]
[BlackElo "2136"]
[PlyCount "66"]
[EventDate "2012.08.17"]

1. e4 e5 2. Nf3 Nc6 3. Bc4 Bc5 4. c3 Nf6 5. d4 exd4 6. cxd4 Bb4+ 7. Bd2 Nxe4 8.
Bxb4 Nxb4 9. Bxf7+ Kxf7 10. Qb3+ Kf8 11. Qxb4+ Qe7 12. Qxe7+ Kxe7 13. Nc3 Nxc3
14. bxc3 d6 15. Kd2 Bf5 16. h3 Kd7 17. Rhe1 Rae8 18. Nh4 Rxe1 19. Rxe1 Be6 20.
f4 Rf8 21. f5 Bxa2 22. Ra1 Bc4 23. Rxa7 Ba6 24. d5 c5 25. Nf3 Kc7 26. Ng5 Rxf5
27. Ne6+ Kb8 28. Rxa6 bxa6 29. Nxg7 Rxd5+ 30. Ke2 Rg5 31. Ne8 Rxg2+ 32. Kf3 Rg6
33. Ke4 Kc8 0-1

[Event "European Youth Chess Championship B14"]
[Site "Prague, Top Hotel Prague"]
[Date "2012.08.19"]
[Round "3.18"]
[White "Sheremet, Anton"]
[Black "Valkama, Eero"]
[Result "1-0"]
[WhiteElo "2114"]
[BlackElo "1827"]
[PlyCount "43"]
[EventDate "2012.08.17"]

1. e4 e5 2. Nf3 Nc6 3. Bc4 Bc5 4. c3 Nf6 5. d3 a6 6. O-O d6 7. Bb3 Ba7 8. Nbd2
O-O 9. h3 h6 10. Re1 Be6 11. Bc2 Ne7 12. Nf1 Ng6 13. Ng3 Nh7 14. d4 Qf6 15. Nh5
Qe7 16. Be3 Ng5 17. Ng3 Rfd8 18. Nf5 Bxf5 19. exf5 Nf8 20. Nxg5 hxg5 21. Qh5
Nh7 22. Qxh7+ 1-0

[Event "European Youth Chess Championship B14"]
[Site "Prague, Top Hotel Prague"]
[Date "2012.08.19"]
[Round "3.19"]
[White "Lappalainen, Matias"]
[Black "Murphy, Conor E"]
[Result "1/2-1/2"]
[WhiteElo "1870"]
[BlackElo "1976"]
[Annotator ",Microsoft"]
[PlyCount "81"]
[EventDate "2012.08.17"]

1. e4 c5 2. Nf3 Nc6 3. c3 d5 4. exd5 Qxd5 5. d4 Bf5 6. Be2 cxd4 7. Nxd4 Nxd4 8.
Qxd4 Qxd4 9. cxd4 Nf6 10. Nc3 e6 11. Bf3 O-O-O 12. Be3 Bb4 13. O-O Bxc3 14.
bxc3 Be4 15. Bxe4 Nxe4 16. Bf4 Kd7 17. c4 Kc6 18. Be3 Nc3 19. Rfe1 a6 20. a4
Ne4 21. f3 Nd6 22. Rac1 Rc8 23. Red1 Kd7 24. c5 Nf5 25. Bf4 Rhd8 26. g4 Nh4 27.
Kf2 Ng6 28. Bg3 Ke8 29. Rb1 Rd7 30. Bd6 Ne7 31. Rb3 Nd5 32. Be5 f6 33. Bg3 Ne7
34. Bd6 Nd5 35. a5 Nc7 36. Rxb7 Nb5 37. Rxd7 Kxd7 38. d5 e5 39. Rb1 Ra8 40. f4
Nxd6 41. cxd6 $11 1/2-1/2

[Event "European Youth Chess Championship B14"]
[Site "Prague, Top Hotel Prague"]
[Date "2012.08.19"]
[Round "3.20"]
[White "Kratochvil, Vit 98"]
[Black "Kozionov, Kirill"]
[Result "0-1"]
[WhiteElo "1962"]
[BlackElo "2257"]
[PlyCount "78"]
[EventDate "2012.08.17"]

1. e4 c5 2. Nf3 e6 3. d3 Nc6 4. g3 d5 5. Nbd2 Nf6 6. Bg2 Be7 7. O-O b6 8. Re1
Bb7 9. c3 Qc7 10. a3 O-O-O 11. b4 dxe4 12. dxe4 Ng4 13. Qa4 Bf6 14. Bb2 Nge5
15. Nxe5 Nxe5 16. Re2 Kb8 17. c4 Nc6 18. Bxf6 gxf6 19. Nf3 Nd4 20. Nxd4 Rxd4
21. Rc2 Rhd8 22. Re1 e5 23. Qb3 Qd6 24. Rcc1 Rd3 25. Qb2 Rd2 26. Qc3 Rd3 27.
Qb2 Qd4 28. Qxd4 R8xd4 29. bxc5 bxc5 30. a4 Kc7 31. Bf1 Rb3 32. Rb1 Rxb1 33.
Rxb1 Bxe4 34. Rb5 Bc6 35. Rxc5 Kb6 36. Rb5+ Bxb5 37. axb5 Kc5 38. Kg2 Rxc4 39.
Bxc4 Kxc4 0-1

[Event "European Youth Chess Championship B14"]
[Site "Prague, Top Hotel Prague"]
[Date "2012.08.19"]
[Round "3.21"]
[White "Taylor, Adam C"]
[Black "Van Foreest, Jorden"]
[Result "0-1"]
[WhiteElo "1962"]
[BlackElo "2225"]
[PlyCount "102"]
[EventDate "2012.08.17"]

1. c4 e5 2. Nc3 Nc6 3. e3 Nf6 4. d4 exd4 5. exd4 d5 6. Nf3 Be7 7. Ne5 O-O 8.
Nxc6 bxc6 9. c5 Bg4 10. f3 Bf5 11. Be2 Qd7 12. O-O Rab8 13. Re1 Rfe8 14. Bd3
Bxd3 15. Qxd3 Bd8 16. Rxe8+ Qxe8 17. Ne2 Nd7 18. Rb1 Nf8 19. b3 Bf6 20. Be3 Ne6
21. Bf2 g6 22. Re1 Qc8 23. Be3 Rb4 24. a3 Rb8 25. Nf4 Ng7 26. Bf2 Qf5 27. Qe3
Re8 28. Qd2 Rxe1+ 29. Bxe1 Bg5 30. g3 Ne6 31. Bf2 Nxf4 32. gxf4 Bxf4 33. Qe2
Qb1+ 34. Kg2 Qxb3 35. Qe8+ Kg7 36. Qxc6 Qa2 37. Qe8 h5 38. h4 Qxa3 39. Qe2 c6
40. Bg3 Qe3 41. Qa6 Qd2+ 42. Kh3 Bxg3 43. Kxg3 Qe1+ 44. Kh3 Qe6+ 45. Kg3 Qf6
46. Qa4 a5 47. f4 Qe6 48. Qxa5 Qg4+ 49. Kf2 Qxf4+ 50. Kg2 Qe4+ 51. Kg3 Qg4+ 0-1

[Event "European Youth Chess Championship B14"]
[Site "Prague, Top Hotel Prague"]
[Date "2012.08.19"]
[Round "3.22"]
[White "Khanin, Semen"]
[Black "Portela Peleteiro, Alberto"]
[Result "1-0"]
[WhiteElo "2220"]
[BlackElo "1953"]
[PlyCount "85"]
[EventDate "2012.08.17"]

1. e4 c5 2. Nf3 Nc6 3. d4 cxd4 4. Nxd4 Nf6 5. Nc3 e5 6. Ndb5 d6 7. Bg5 a6 8.
Na3 Be6 9. Nc4 Rc8 10. Bxf6 gxf6 11. Nd5 Bxd5 12. Qxd5 Nd4 13. Bd3 Qe7 14. b4
Rg8 15. c3 Ne6 16. g3 Qc7 17. a4 b6 18. Ke2 Be7 19. Rhc1 Kf8 20. Rab1 Kg7 21.
Ne3 Ra8 22. Nf5+ Kh8 23. Nh6 Rgf8 24. Nxf7+ Rxf7 25. Qxa8+ Rf8 26. Qd5 Qd7 27.
Bxa6 Nc7 28. Qb7 f5 29. Bb5 Qd8 30. exf5 Bg5 31. Rd1 Rxf5 32. Qxb6 d5 33. Bc6
e4 34. c4 Qc8 35. cxd5 Nxd5 36. Rxd5 Rxd5 37. Bxd5 Qc2+ 38. Kf1 Qxb1+ 39. Kg2
Qd3 40. Qb8+ Kg7 41. Qg8+ Kf6 42. Qe6+ Kg7 43. Qxe4 1-0

[Event "European Youth Chess Championship B14"]
[Site "Prague, Top Hotel Prague"]
[Date "2012.08.19"]
[Round "3.23"]
[White "Stremavicius, Titas"]
[Black "Rajkovic, Mladen"]
[Result "1-0"]
[WhiteElo "2195"]
[BlackElo "1926"]
[PlyCount "79"]
[EventDate "2012.08.17"]

1. d4 Nf6 2. c4 e6 3. Nc3 Bb4 4. Qc2 O-O 5. Bg5 h6 6. Bh4 c5 7. e3 cxd4 8. exd4
d5 9. cxd5 exd5 10. Bd3 Nc6 11. Nge2 Be6 12. a3 Be7 13. b4 Rc8 14. O-O Nh5 15.
Bxe7 Qxe7 16. Rfc1 f5 17. Qa4 a6 18. b5 axb5 19. Qxb5 Rcd8 20. Rcb1 Rd7 21. Na4
Rc7 22. Qb6 Rf7 23. Nc5 Bc8 24. Rc1 Qf6 25. Qb2 f4 26. f3 g5 27. Bb1 Ng7 28.
Ba2 Qd6 29. Nc3 Nxd4 30. Nxd5 Nde6 31. Ne4 Qd8 32. Nxc7 Rxc7 33. Qb6 Kh7 34.
Rxc7 Nxc7 35. Rc1 Nge8 36. Nf6+ Nxf6 37. Qxc7+ Qd7 38. Be6 Qxc7 39. Rxc7+ Kg6
40. Bxc8 1-0

[Event "European Youth Chess Championship B14"]
[Site "Prague, Top Hotel Prague"]
[Date "2012.08.19"]
[Round "3.26"]
[White "Voloshin, Pavel"]
[Black "Sadikhov, Ulvi"]
[Result "0-1"]
[WhiteElo "1922"]
[BlackElo "2171"]
[PlyCount "62"]
[EventDate "2012.08.17"]

1. e4 c5 2. c3 g6 3. d4 cxd4 4. cxd4 d5 5. Nc3 dxe4 6. Bc4 Nc6 7. Nge2 Bg7 8.
Qb3 e6 9. d5 exd5 10. Bxd5 Ne5 11. O-O Ne7 12. Bxe4 O-O 13. Be3 Nf5 14. Rad1
Qh4 15. Bc1 Ng4 16. h3 Nf6 17. Bf3 g5 18. Qa4 Qh6 19. Ne4 Nxe4 20. Bxe4 Be6 21.
Qc2 Rac8 22. Qb1 Nh4 23. Bxb7 Rb8 24. Bd5 Bf5 25. Be4 Bxe4 26. Qxe4 Bxb2 27.
Be3 Rfe8 28. Qd5 Re5 29. Qc4 Rbe8 30. Qb3 Qc6 31. f3 Rxe3 0-1

[Event "European Youth Chess Championship B14"]
[Site "Prague, Top Hotel Prague"]
[Date "2012.08.19"]
[Round "3.29"]
[White "Balaji, Ananthanarayanan"]
[Black "Rudakov, Aleksandr"]
[Result "0-1"]
[WhiteElo "1859"]
[BlackElo "2086"]
[PlyCount "136"]
[EventDate "2012.08.17"]

1. e4 e6 2. d4 d5 3. Nd2 Nf6 4. e5 Nfd7 5. f4 c5 6. c3 Nc6 7. Ndf3 Qb6 8. a3
Be7 9. h4 c4 10. g3 f6 11. Bh3 Nf8 12. Ne2 Bd7 13. Qc2 O-O-O 14. O-O Be8 15.
Rb1 fxe5 16. Qd1 Bg6 17. Ra1 exd4 18. Nexd4 Nxd4 19. cxd4 Bf6 20. a4 Bd3 21. a5
Bxd4+ 22. Kh2 Qc5 23. b4 cxb3 24. Ba3 Qc2+ 25. Qxc2+ bxc2 26. Nxd4 Bxf1 27.
Rxf1 Kb8 28. Nxc2 Nd7 29. Bxe6 Rhe8 30. Nd4 Nf8 31. f5 g6 32. g4 gxf5 33. gxf5
Nxe6 34. fxe6 Rc8 35. Bd6+ Ka8 36. e7 b6 37. axb6 axb6 38. Rf8 Kb7 39. Nf5 Kc6
40. Ba3 Kd7 41. h5 b5 42. h6 d4 43. Nxd4 b4 44. Bxb4 Rc4 45. Nf5 Rxb4 46. Kg3
Rb6 47. Rxe8 Kxe8 48. Kf4 Kf7 49. Kg5 Rg6+ 50. Kf4 Rg1 51. Ke5 Re1+ 52. Kf4 Kf6
53. Ne3 Kxe7 54. Ng4 Ra1 55. Ne5 Kf6 56. Ng4+ Kg6 57. Kg3 Ra3+ 58. Kh4 Ra4 59.
Kg3 Kg5 60. Nf2 Kxh6 61. Ng4+ Kg5 62. Nf2 Ra3+ 63. Kg2 h5 64. Nh3+ Kf5 65. Ng1
Kg4 66. Ne2 h4 67. Ng1 h3+ 68. Kh1 Ra2 0-1

[Event "European Youth Chess Championship B14"]
[Site "Prague, Top Hotel Prague"]
[Date "2012.08.19"]
[Round "3.31"]
[White "Markoja, Boris"]
[Black "Guerra Arrocha, Daniel"]
[Result "1-0"]
[WhiteElo "2070"]
[BlackElo "1872"]
[PlyCount "111"]
[EventDate "2012.08.17"]

1. c4 Nf6 2. Nc3 g6 3. e4 d6 4. d4 Bg7 5. f3 O-O 6. Be3 Nc6 7. Nge2 e5 8. d5
Ne7 9. Qd2 Ne8 10. O-O-O a6 11. Kb1 f5 12. Nc1 Nf6 13. Be2 Bd7 14. Qc2 Rb8 15.
b4 fxe4 16. fxe4 Ng4 17. Bxg4 Bxg4 18. Rdf1 c6 19. Qd3 cxd5 20. Rxf8+ Bxf8 21.
Nxd5 Nxd5 22. cxd5 Bd7 23. Ne2 Bb5 24. Qd2 Ra8 25. Nc3 Be8 26. Kb2 b5 27. Rf1
a5 28. Qf2 Bg7 29. Bb6 Qb8 30. Bxa5 Ra7 31. Qb6 Rb7 32. Qd8 Qxd8 33. Bxd8 Bh6
34. Kb3 Bf4 35. g3 Bd2 36. Nb1 Be3 37. Na3 Rd7 38. Nc2 Bh6 39. Bb6 Rb7 40. Be3
Bg7 41. Na3 Bd7 42. Nb1 Bh3 43. Rf2 Rf7 44. Nc3 Bf1 45. Rxf7 Kxf7 46. a4 bxa4+
47. Kxa4 Ke7 48. Ka5 Kd7 49. Kb6 Bf6 50. Ka7 Bd8 51. b5 Ba5 52. b6 Bxc3 53. b7
Bd4+ 54. Bxd4 exd4 55. b8=Q d3 56. Qb2 1-0

[Event "European Youth Chess Championship B14"]
[Site "Prague, Top Hotel Prague"]
[Date "2012.08.19"]
[Round "3.32"]
[White "Havelka, Josef"]
[Black "Santos Ruiz, Miguel"]
[Result "1-0"]
[WhiteElo "1856"]
[BlackElo "2069"]
[PlyCount "107"]
[EventDate "2012.08.17"]

1. e4 e6 2. Nf3 d5 3. e5 c5 4. b4 c4 5. c3 a6 6. b5 Nd7 7. d4 cxd3 8. Bxd3 f6
9. O-O Qc7 10. Re1 Nxe5 11. Nxe5 fxe5 12. Qh5+ Kd8 13. b6 Qxb6 14. Qxe5 Nf6 15.
Bg5 Be7 16. c4 Rf8 17. Nc3 h6 18. Rab1 Qc7 19. Qxc7+ Kxc7 20. Bf4+ Kd8 21. cxd5
Nxd5 22. Nxd5 exd5 23. Bc7+ Kxc7 24. Rxe7+ Kd6 25. Rxg7 Bf5 26. Bxf5 Rxf5 27.
Rgxb7 Rc8 28. R7b6+ Ke5 29. Re1+ Kd4 30. Rd1+ Ke4 31. Re1+ Kd4 32. Rd1+ Ke5 33.
Rb5 Kd6 34. Ra5 Rc2 35. f4 Rc5 36. Rxa6+ Rc6 37. Rxc6+ Kxc6 38. g3 Kc5 39. Kf2
Rf6 40. Kf3 h5 41. a4 Kc4 42. a5 Ra6 43. Ra1 Kc3 44. f5 d4 45. Ke4 Ra8 46. Ra3+
Kc4 47. a6 d3 48. Ke3 Re8+ 49. Kd2 Re2+ 50. Kd1 Rxh2 51. a7 Rh1+ 52. Kd2 Rh2+
53. Ke3 d2 54. a8=Q 1-0

[Event "European Youth Chess Championship B14"]
[Site "Prague, Top Hotel Prague"]
[Date "2012.08.19"]
[Round "3.34"]
[White "Kiss, Balint"]
[Black "Melnikov, Egor"]
[Result "1/2-1/2"]
[WhiteElo "1840"]
[BlackElo "2033"]
[PlyCount "92"]
[EventDate "2012.08.17"]

1. e4 c5 2. Nf3 Nc6 3. d4 cxd4 4. Nxd4 g6 5. c4 Bg7 6. Be3 Nf6 7. Nc3 d6 8. Be2
O-O 9. O-O Bd7 10. Qd2 Nxd4 11. Bxd4 Bc6 12. Bd3 a5 13. Rfe1 Nd7 14. Bxg7 Kxg7
15. Re3 Nc5 16. Rh3 h5 17. Nd5 Bxd5 18. exd5 e5 19. dxe6 Nxe6 20. Qc3+ Qf6 21.
Qxf6+ Kxf6 22. Be4 Nc5 23. Rf3+ Kg7 24. Re3 Rfe8 25. Rae1 Kf8 26. Kf1 Re7 27.
Bd5 Rae8 28. Rxe7 Rxe7 29. Rxe7 Kxe7 30. Ke2 Na4 31. b3 Nc3+ 32. Kd2 Nxa2 33.
Bxb7 g5 34. g3 f5 35. h4 gxh4 36. gxh4 Kf6 37. Bf3 Kg6 38. Ke3 Nc1 39. Bd1 Na2
40. Kd4 Nb4 41. Be2 Na2 42. c5 dxc5+ 43. Kxc5 Nc3 44. Bf3 Ne4+ 45. Kb5 Nxf2 46.
Kxa5 Ne4 1/2-1/2

[Event "European Youth Chess Championship B14"]
[Site "Prague, Top Hotel Prague"]
[Date "2012.08.19"]
[Round "3.35"]
[White "Radulescu, Vlad-Alexandru"]
[Black "Winiarski, Mikolaj"]
[Result "0-1"]
[WhiteElo "1830"]
[BlackElo "2031"]
[PlyCount "108"]
[EventDate "2012.08.17"]

1. e4 c5 2. Nf3 d6 3. d4 cxd4 4. Nxd4 Nf6 5. Nc3 a6 6. Bg5 Nbd7 7. f4 Qc7 8.
Qf3 h6 9. Bh4 g5 10. fxg5 hxg5 11. Bg3 Ne5 12. Bxe5 dxe5 13. Nf5 g4 14. Qf2
Bxf5 15. Qxf5 Rh5 16. Qf2 O-O-O 17. Bd3 Bh6 18. O-O Rh8 19. Qa7 Bd2 20. Na4
Rxh2 21. Rxf6 exf6 22. Nb6+ Kd8 23. Qa8+ Ke7 24. Nd5+ Kd7 25. Nxc7 Be3+ 26. Kf1
Rxa8 27. Nxa8 Rh1+ 28. Ke2 Rxa1 29. Kxe3 Kc6 30. Bc4 Re1+ 31. Kd3 f5 32. Bd5+
Kc5 33. b4+ Kxb4 34. exf5 Rd1+ 35. Ke4 Re1+ 36. Kd3 Rd1+ 37. Ke4 Kc5 38. Bxf7
Re1+ 39. Kd3 e4+ 40. Kd2 Rf1 41. Bh5 Rxf5 42. Bxg4 Rf2+ 43. Be2 Rxg2 44. Nc7
Kd6 45. Ne8+ Ke5 46. Nc7 Rg7 47. Nxa6 bxa6 48. Bxa6 Ra7 49. Bc4 Kd4 50. Bb3 e3+
51. Ke2 Rg7 52. c3+ Ke4 53. Bc2+ Kf4 54. Kd3 Rd7+ 0-1

[Event "European Youth Chess Championship B14"]
[Site "Prague, Top Hotel Prague"]
[Date "2012.08.19"]
[Round "3.36"]
[White "Kostka, Vit"]
[Black "Ladopoulos, Dimitrios"]
[Result "0-1"]
[WhiteElo "1820"]
[BlackElo "2027"]
[PlyCount "36"]
[EventDate "2012.08.17"]

1. e4 c5 2. Nf3 e6 3. d4 cxd4 4. Nxd4 Nf6 5. Bd3 Nc6 6. Nxc6 dxc6 7. O-O e5 8.
Kh1 Bc5 9. h3 Be6 10. f4 exf4 11. Rxf4 h5 12. Rf1 Ng4 13. Qe2 Qh4 14. Qf3 g5
15. Nc3 O-O-O 16. Bd2 Nf2+ 17. Kh2 g4 18. Qf4 g3+ 0-1

[Event "European Youth Chess Championship B14"]
[Site "Prague, Top Hotel Prague"]
[Date "2012.08.19"]
[Round "3.37"]
[White "Percivaldi, Martin"]
[Black "Jablonicky, Martin"]
[Result "1-0"]
[WhiteElo "2024"]
[BlackElo "1858"]
[PlyCount "83"]
[EventDate "2012.08.17"]

1. d4 Nf6 2. c4 g6 3. g3 d5 4. Bg2 Bg7 5. cxd5 Nxd5 6. Nf3 O-O 7. O-O Na6 8.
Nc3 Nb6 9. e4 c5 10. d5 e6 11. Bg5 f6 12. Bc1 exd5 13. Nxd5 Be6 14. Ne3 Nb4 15.
a3 Nc6 16. Bd2 Re8 17. Bc3 Qxd1 18. Raxd1 Bb3 19. Rc1 Rad8 20. Nd2 Bf7 21. f4
Rd3 22. Rfe1 Na4 23. Bf1 Rd7 24. Nd5 Nxc3 25. bxc3 f5 26. c4 fxe4 27. Nxe4 Bxd5
28. cxd5 Nd4 29. Nf6+ Bxf6 30. Rxe8+ Kf7 31. Rc8 b6 32. Kg2 Nf5 33. Re1 Bd4 34.
Kf3 Bb2 35. a4 Bg7 36. g4 Nd4+ 37. Kg3 Nc2 38. Ree8 Bd4 39. Bc4 h5 40. d6+ Kf6
41. g5+ Kf5 42. Bd3# 1-0

[Event "European Youth Chess Championship B14"]
[Site "Prague, Top Hotel Prague"]
[Date "2012.08.19"]
[Round "3.38"]
[White "Schweighoffer, Martin"]
[Black "Rydl, Jiri"]
[Result "1-0"]
[WhiteElo "1756"]
[BlackElo "2021"]
[PlyCount "85"]
[EventDate "2012.08.17"]

1. e4 e6 2. d4 d5 3. Nd2 Nf6 4. e5 Nfd7 5. f4 c5 6. c3 Nc6 7. Ndf3 Qb6 8. Ne2
Be7 9. g3 cxd4 10. cxd4 O-O 11. Bh3 f6 12. O-O fxe5 13. Bxe6+ Kh8 14. Bxd5 Nxd4
15. Nexd4 exd4 16. Kg2 Nf6 17. Bb3 Bc5 18. Qd3 g6 19. f5 Bxf5 20. Qc4 Qc6 21.
Bh6 Ng4 22. Ba4 Qb6 23. Bd2 Be4 24. Bd1 Qc6 25. Rc1 Rac8 26. b4 Bb6 27. Qb3 Qd7
28. Rxc8 Qxc8 29. h3 Ne3+ 30. Bxe3 dxe3 31. Qb2+ Kg8 32. Bb3+ Rf7 33. Bxf7+
Kxf7 34. Kh2 Kg8 35. Qb3+ Kg7 36. Qb2+ Kh6 37. Qe2 Qc3 38. Rd1 Qxb4 39. Ne5 Bd4
40. Ng4+ Kg7 41. Nxe3 Qc5 42. Ng4 Bc6 43. Rxd4 1-0

[Event "European Youth Chess Championship B14"]
[Site "Prague, Top Hotel Prague"]
[Date "2012.08.19"]
[Round "3.39"]
[White "Ptacek, Tomas"]
[Black "Zeman, Radek"]
[Result "1/2-1/2"]
[WhiteElo "2019"]
[BlackElo "1794"]
[PlyCount "91"]
[EventDate "2012.08.17"]

1. d4 Nf6 2. Nf3 e6 3. e3 c5 4. Bd3 d5 5. c3 Nc6 6. Nbd2 Be7 7. O-O O-O 8. Re1
b6 9. dxc5 Bxc5 10. e4 Bb7 11. h3 dxe4 12. Nxe4 Nxe4 13. Bxe4 Qxd1 14. Rxd1 f5
15. Bc2 Rfd8 16. Re1 Re8 17. Bb3 Nd8 18. Bf4 Rc8 19. Ng5 Rc6 20. Ba4 h6 21. Nf3
g5 22. Be3 Bxe3 23. Rxe3 Re7 24. Bxc6 Nxc6 25. Rae1 Kf7 26. Ne5+ Nxe5 27. Rxe5
Kf6 28. f3 Be4 29. Rb5 Bd3 30. Rb4 e5 31. a4 h5 32. Rb3 Rd7 33. c4 e4 34. Rc3
Rc7 35. fxe4 fxe4 36. Kf2 Kf5 37. b3 h4 38. Ke3 g4 39. c5 gxh3 40. gxh3 bxc5
41. Rec1 c4 42. bxc4 Rg7 43. c5 Ke5 44. Rh1 Rg3+ 45. Kd2 Kd4 46. Rcc1 1/2-1/2

[Event "European Youth Chess Championship B14"]
[Site "Prague, Top Hotel Prague"]
[Date "2012.08.19"]
[Round "3.40"]
[White "Sorin, Ilya"]
[Black "Chekletsov, Ilya"]
[Result "0-1"]
[WhiteElo "1575"]
[BlackElo "2018"]
[PlyCount "83"]
[EventDate "2012.08.17"]

1. e4 c5 2. Nf3 d6 3. d4 cxd4 4. Nxd4 Nf6 5. Nc3 g6 6. Be3 Bg7 7. f3 O-O 8. Qd2
Nc6 9. g4 Nd7 10. h4 Nde5 11. Be2 Nxd4 12. Bxd4 Be6 13. h5 Qa5 14. f4 Rad8 15.
f5 Bd7 16. hxg6 fxg6 17. Qe3 Qb4 18. O-O-O e6 19. Qh3 h6 20. fxg6 Rf6 21. Bxe5
dxe5 22. Qh5 Qb6 23. Rh3 Be8 24. Rxd8 Qxd8 25. Rd3 Qb6 26. Qh3 Bxg6 27. Qe3
Qxe3+ 28. Rxe3 h5 29. g5 Rf4 30. Bf3 Bf8 31. Nb5 Be7 32. Nc7 Bxg5 33. Kd1 Rf6
34. Rb3 h4 35. Bg2 b6 36. Ra3 Bh5+ 37. Ke1 Bc1 38. Rxa7 Bxb2 39. Nb5 Bg4 40.
Ra4 h3 41. Bh1 Bf3 42. Rb4 0-1

[Event "European Youth Chess Championship B14"]
[Site "Prague, Top Hotel Prague"]
[Date "2012.08.19"]
[Round "3.41"]
[White "Dvorak, Adam"]
[Black "Yaver, Faik Emre"]
[Result "0-1"]
[WhiteElo "2008"]
[BlackElo "1782"]
[PlyCount "76"]
[EventDate "2012.08.17"]

1. d4 d5 2. c4 c6 3. Nc3 Nf6 4. Nf3 e6 5. Qc2 Nbd7 6. e3 Bd6 7. b3 O-O 8. Be2
b6 9. O-O Bb7 10. Bb2 Rc8 11. Rac1 c5 12. Rfd1 Qe7 13. Qb1 Rfd8 14. Qa1 Bb8 15.
h3 Nf8 16. Na4 dxc4 17. dxc5 bxc5 18. Rxd8 Rxd8 19. Rxc4 Bd6 20. Qc1 N8d7 21.
Ba3 Nb6 22. Nxb6 axb6 23. Rc2 Ne4 24. Bb2 Ng5 25. Rc4 h5 26. Qc3 f5 27. Nxg5
Qxg5 28. Bf1 Rd7 29. Ra4 Bb8 30. h4 Qg6 31. Qc2 Bf3 32. Rf4 Bxf4 33. exf4 Rd1
34. g3 Qg4 35. Qc3 Rxf1+ 36. Kxf1 Qh3+ 37. Ke1 Qh1+ 38. Kd2 Qd1+ 0-1

[Event "European Youth Chess Championship B14"]
[Site "Prague, Top Hotel Prague"]
[Date "2012.08.19"]
[Round "3.43"]
[White "Lukic, Lazar"]
[Black "Morozov, Nichita"]
[Result "0-1"]
[WhiteElo "1692"]
[BlackElo "2002"]
[PlyCount "69"]
[EventDate "2012.08.17"]

1. e4 d6 2. d4 Nf6 3. Nc3 g6 4. Nf3 Bg7 5. Be2 O-O 6. O-O c6 7. h3 Qc7 8. Bf4
Nh5 9. Be3 e5 10. dxe5 dxe5 11. Nh2 Nf4 12. Bg4 Rd8 13. Qc1 Bxg4 14. Nxg4 h5
15. Nh2 Nd7 16. Re1 Nf8 17. Rd1 N8e6 18. Rxd8+ Rxd8 19. Qf1 Nd4 20. Bxd4 exd4
21. Ne2 Ne6 22. Ng3 Be5 23. Qe1 d3 24. c3 Qb6 25. Ngf1 Qxb2 26. Nf3 Bxc3 27.
Rb1 Bxe1 28. Rxb2 Bc3 29. Rb1 d2 30. Rd1 Nc5 31. N3xd2 Ba5 32. Rc1 Nd3 33. Rc2
Ne1 34. Rb2 Bc3 35. Rb1 0-1

[Event "European Youth Chess Championship B14"]
[Site "Prague, Top Hotel Prague"]
[Date "2012.08.19"]
[Round "3.44"]
[White "Petr, Jan"]
[Black "Skorepa, Jakub"]
[Result "1-0"]
[WhiteElo "2001"]
[BlackElo "1680"]
[PlyCount "45"]
[EventDate "2012.08.17"]

1. e4 c6 2. d4 d5 3. f3 e6 4. Nc3 Ne7 5. Be3 Ng6 6. Qd2 b6 7. O-O-O Ba6 8. Bxa6
Nxa6 9. g3 Qd7 10. h4 Bd6 11. e5 Bb4 12. a3 Bxc3 13. Qxc3 O-O-O 14. h5 Ne7 15.
h6 g6 16. Bg5 Kb7 17. Bf6 Rhe8 18. Nh3 Rc8 19. Ng5 Ng8 20. Nxh7 c5 21. Bg7 cxd4
22. Qxd4 Rc4 23. Qxc4 1-0

[Event "European Youth Chess Championship B14"]
[Site "Prague, Top Hotel Prague"]
[Date "2012.08.19"]
[Round "3.45"]
[White "Erdogan, Anil Berk"]
[Black "Puskar, Peter"]
[Result "1/2-1/2"]
[WhiteElo "1681"]
[BlackElo "1998"]
[PlyCount "85"]
[EventDate "2012.08.17"]

1. e4 c5 2. c3 Qa5 3. Nf3 Nc6 4. Be2 Nf6 5. d3 d6 6. Nbd2 g6 7. O-O Bg7 8. h3
O-O 9. Nb3 Qc7 10. Be3 a6 11. Qd2 Rd8 12. Nh2 c4 13. Nd4 cxd3 14. Bxd3 Ne5 15.
f3 Nfd7 16. Qe2 Nxd3 17. Qxd3 Ne5 18. Qe2 b6 19. Ng4 Nc4 20. Bf2 Bb7 21. Ne3
Nxe3 22. Bxe3 d5 23. exd5 Bxd5 24. Rfd1 Rd7 25. Rac1 Bc4 26. Qf2 Rad8 27. Rd2
e5 28. Nb3 Bxb3 29. Rxd7 Qxd7 30. axb3 Qe6 31. b4 b5 32. Qe2 e4 33. Rd1 Rc8 34.
Re1 f5 35. Bc5 Be5 36. fxe4 fxe4 37. Qe3 Bc7 38. Rf1 Qe5 39. Qh6 Qh2+ 40. Kf2
e3+ 41. Bxe3 Bg3+ 42. Kf3 Bd6 43. Qg5 1/2-1/2